000 00607pam a2200193 a 4500
020 _a0201093146
082 0 0 _a620.11
_bVLA
_cD
100 1 _aVan Vlack, Lawrence H.
_934502
245 1 0 _aElements of materials science and engineering /
_cLawrence H. Van Vlack.
250 _a6th ed.
260 _aReading, Mass. :
_bAddison-Wesley,
_cc1989.
300 _axxi, 598 p. :
_bill. (some col.) ;
_c24 cm.
500 _aIncludes index.
526 _a0
_b0
_c0
_d620_110000000000000_VLA
526 _a0
_b0
_c0
_d620_110000000000000_VLA
650 0 _aMaterials.
_91466
650 0 _aSolids.
_934504
942 _2ddc
_cBK
999 _c544990
_d544990